MARC

LEADER 00000nam0a2200000 4500
001 297299
005 20231101003201.0
035 |a (RuTPU)RU\TPU\book\322432 
090 |a 297299 
100 |a 20150606d1984 k y0rusy50 ca 
101 0 |a rus 
102 |a UA 
105 |a a z 001zy 
200 1 |a Прочность материалов и конструкций при низких температурах  |e сборник научных трудов  |f Академия наук Украинской ССР (АН УССР), Институт проблем прочности (ИПП) ; под ред. В. А. Стрижало 
210 |a Киев  |c Наукова думка  |d 1984 
215 |a 284 с.  |c ил. 
320 |a Библиография в конце статей 
606 |a Материалы  |x Прочность  |2 stltpush  |3 (RuTPU)RU\TPU\subj\41296 
610 1 |a упрочнение 
610 1 |a сталь 
610 1 |a сварные соединения 
610 1 |a разрушение 
610 1 |a расчет 
610 1 |a титановые сплавы 
610 1 |a пластичность 
610 1 |a тонколистовые металлы 
610 1 |a трещиностойкость 
610 1 |a исследование 
610 1 |a испытание 
610 1 |a конструкции 
610 1 |a долговечность 
610 1 |a хладноломкость 
610 1 |a сплавы 
610 1 |a деформации 
675 |a 539.4  |v 4 
702 1 |a Стрижало  |b В. А.  |4 340 
712 0 2 |a Академия наук Украинской ССР (АН УССР)  |b Институт проблем прочности (ИПП)  |2 stltpush  |3 (RuTPU)RU\TPU\col\12440 
801 1 |a RU  |b 63413507  |c 20150606 
801 2 |a RU  |b 63413507  |c 20190305  |g RCR 
942 |c BK